<?xml version="1.0" encoding="UTF-8"?>
<record
    xmlns:xsi="http://www.w3.org/2001/XMLSchema-instance"
    xsi:schemaLocation="http://www.loc.gov/MARC21/slim http://www.loc.gov/standards/marcxml/schema/MARC21slim.xsd"
    xmlns="http://www.loc.gov/MARC21/slim">

  <leader>02141agaaa2200313   4500</leader>
  <controlfield tag="001">0698</controlfield>
  <controlfield tag="003">IT-RoPAU</controlfield>
  <controlfield tag="005">20220918181234.0</controlfield>
  <controlfield tag="007">d cvaizq</controlfield>
  <controlfield tag="008">50131s9999||||xx ||| |     ||   ||und||</controlfield>
  <datafield tag="040" ind1=" " ind2=" ">
    <subfield code="a">IT-RoPAU</subfield>
    <subfield code="c">IT-RoPAU</subfield>
  </datafield>
  <datafield tag="041" ind1=" " ind2=" ">
    <subfield code="a">ITALIANO</subfield>
  </datafield>
  <datafield tag="100" ind1=" " ind2=" ">
    <subfield code="a">Hicks Scott</subfield>
    <subfield code="g">Codice regista SPICS: 50364</subfield>
    <subfield code="9">42239</subfield>
  </datafield>
  <datafield tag="130" ind1=" " ind2=" ">
    <subfield code="a">SHINE</subfield>
    <subfield code="9">42240</subfield>
  </datafield>
  <datafield tag="245" ind1=" " ind2=" ">
    <subfield code="a">SHINE</subfield>
    <subfield code="c">Prodotto da: Scott Jane -- Sceneggiatura: Sardi Jean -- Diretto da: Hicks Scott</subfield>
    <subfield code="p">SHINE (Rif. Codice opera principale : F0698)</subfield>
  </datafield>
  <datafield tag="250" ind1=" " ind2=" ">
    <subfield code="a">Edizione Standard</subfield>
  </datafield>
  <datafield tag="260" ind1=" " ind2=" ">
    <subfield code="a">(AUSTRALIA)</subfield>
    <subfield code="b">MONUMENTUM FILM / Distribuzione: LUCKY RED HOME VIDEO</subfield>
    <subfield code="g">"1996 (1&#xB0; ed.: 1998 ; Ed. Lingua Orig.: 1996)"</subfield>
  </datafield>
  <datafield tag="300" ind1=" " ind2=" ">
    <subfield code="a">VHS</subfield>
    <subfield code="b">sonoro, col.</subfield>
    <subfield code="c">105 minuti</subfield>
  </datafield>
  <datafield tag="508" ind1=" " ind2=" ">
    <subfield code="a">"Fotografia: Simpson Geoffrey; Montaggio: Karmel Pip; Musica: Hirschfelder David; Sceneggiatura: Sardi Jean; Scenografia: Campbell Sally; "</subfield>
  </datafield>
  <datafield tag="511" ind1=" " ind2=" ">
    <subfield code="a">"Rush Geoffrey; Mueller-Stahl Armin; Gielgud John; Redgrave Lynn"</subfield>
  </datafield>
  <datafield tag="520" ind1=" " ind2=" ">
    <subfield code="a">COMMOVENTE, TOCCANTE DRAMMA AUTOBIOGRAFICO DEL PIANISTA DAVID HELFGOTT. DAVID VEDE LA SUA PROMETTENTE CARRIERA ARTISTICA STRONCATA DAL PADRE POSSESSIVO CHE GLI VIETA DI STUDIARE MUSICA IN AMERICA. QUESTA VIOLENZA FISICA E PSICOLOGICA DEL PADRE PROVOCA NEL GIOVANE PIANISTA UN COLLASSO NERVOSO CHE LOPORTA A CHIUDERSI IN UN MONDO TUTTO SUO E A SOGNARE SOLO LA FUGA. DAVID SCAPPA A LONDRA DOVE AL ROYAL COLLEGE OF MUSIC VIENE TUTELATO DA CECIL PARKES. DAVID NON RIESCE PERO' A SUPERARE PSICOLOGICAMENTE IL DISTACCO DALLA FAMIGLIA, TANTO CHE DECIDE DI TORNARE IN AUSTRALIA DOVE ENTRA E DESCE DALLE CLINICHE PSICHIATRICHE. L'INCONTRO CASUALE CON L'ASTROLOGA GILLIAN LO PORTA A VIVERE UNA STRANA STORIA D'AMORE CORONATA DAL MATRIMONIO. DAVID RITROVA LA STABILITA' E TORNA A SUONARE IN PUBBLICO.</subfield>
  </datafield>
  <datafield tag="538" ind1=" " ind2=" ">
    <subfield code="a">PAL, STEREO</subfield>
  </datafield>
  <datafield tag="546" ind1=" " ind2=" ">
    <subfield code="a">ITALIANO</subfield>
  </datafield>
  <datafield tag="650" ind1=" " ind2=" ">
    <subfield code="a">DRAMMATICO</subfield>
    <subfield code="e">FILMS [VHS]</subfield>
    <subfield code="x">Codice MATERIA SPICS: 9960</subfield>
    <subfield code="9">34083</subfield>
  </datafield>
  <datafield tag="700" ind1=" " ind2=" ">
    <subfield code="a">Hicks Scott </subfield>
    <subfield code="e">(regista)</subfield>
    <subfield code="g">Codice regista SPICS: 50364</subfield>
    <subfield code="9">42241</subfield>
  </datafield>
  <datafield tag="700" ind1=" " ind2=" ">
    <subfield code="a">Hicks Scott </subfield>
    <subfield code="e">(soggetto)</subfield>
    <subfield code="g">Codice Soggetto SPICS: 50364</subfield>
    <subfield code="9">42242</subfield>
  </datafield>
  <datafield tag="700" ind1=" " ind2=" ">
    <subfield code="a">Hirschfelder David</subfield>
    <subfield code="e">(musica)</subfield>
    <subfield code="g">Codice Musica SPICS: 50365</subfield>
    <subfield code="9">42243</subfield>
  </datafield>
  <datafield tag="942" ind1=" " ind2=" ">
    <subfield code="c">VH</subfield>
    <subfield code="2">ddc</subfield>
  </datafield>
  <datafield tag="999" ind1=" " ind2=" ">
    <subfield code="c">105587</subfield>
    <subfield code="d">105587</subfield>
  </datafield>
  <datafield tag="952" ind1=" " ind2=" ">
    <subfield code="0">0</subfield>
    <subfield code="1">0</subfield>
    <subfield code="4">0</subfield>
    <subfield code="6">F_0698_000000000000000</subfield>
    <subfield code="7">1</subfield>
    <subfield code="a">SPICS</subfield>
    <subfield code="b">SPICS</subfield>
    <subfield code="d">2015-01-31</subfield>
    <subfield code="l">0</subfield>
    <subfield code="o">F0698</subfield>
    <subfield code="r">2015-01-31 00:00:00</subfield>
    <subfield code="w">2015-01-31</subfield>
    <subfield code="y">VH</subfield>
    <subfield code="z">Progr. Ins.: 803 / N.Vol.:1 / Copie: 1 / Pag.: / Copia rara: n.d. / date import: 1.2.2015 / By Epidotti, Trombetti, Vaglietti</subfield>
  </datafield>
</record>
